[Event "Aimchess US Rapid Prelim"]
[Site "chess24.com INT"]
[Date "2021.08.28"]
[EventDate "2021.08.28"]
[Round "3"]
[Result "1/2-1/2"]
[White "Van Foreest,Jorden"]
[Black "Alireza Firouzja"]
[WhiteElo "2698"]
[BlackElo "2759"]
[PlyCount "100"]

1. e4 e5 2. Nf3 Nc6 3. Bb5 a6 4. Ba4 Nf6 5. O-O b5 6. Bb3 Bb7 7. d3 Bc5 8.
Be3 Bxe3 9. fxe3 O-O 10. Qe1 d6 11. a4 Ne7 12. axb5 axb5 13. Rxa8 Bxa8 14.
Nc3 Qd7 15. Qg3 Ng6 16. Ng5 b4 17. Nb1 d5 18. Nd2 h6 19. Ngf3 Nh5 20. Qe1
dxe4 21. Nxe4 Bxe4 22. dxe4 c5 23. Qe2 Nf6 24. Qc4 Qc6 25. Ne1 Qxe4 26.
Qxc5 Ng4 27. Nf3 Qxe3+ 28. Qxe3 Nxe3 29. Re1 Nf5 30. Nxe5 Nxe5 31. Rxe5 Nd4
32. Bc4 Nxc2 33. Re7 Nd4 34. Rb7 Nc6 35. Bd5 Ne5 36. Rxb4 Rd8 37. Rb5 g5
38. h3 Kg7 39. Be4 Nc4 40. b3 Rd1+ 41. Kf2 Nd6 42. Rb4 Nxe4+ 43. Rxe4 Rb1
44. b4 Rb2+ 45. Kf3 Rb3+ 46. Ke2 f5 47. Rc4 f4 48. Kf2 Kg6 49. Rc6+ Kf5 50.
Rxh6 Rxb4 1/2-1/2